[Event "Montreal op"]
[Site "Montreal CAN"]
[Date "1981.09.07"]
[Round "6"]
[White "Klivczow, Michel"]
[Black "Rousseau, Daniel"]
[Result "1/2-1/2"]
[WhiteElo "1859"]
[BlackElo "1616"]
[PlyCount "93"]
[GameId "2160767912849185"]
[EventDate "1981.09.05"]
[EventType "swiss"]
[EventRounds "6"]
[EventCountry "CAN"]
[SourceTitle "hb 2011"]

1. c4 Nf6 2. Nc3 g6 3. g3 Bg7 4. Bg2 O-O 5. Nf3 d6 6. d4 Nbd7 7. O-O e5 8. e4 exd4 9. Nxd4 Re8 10. Re1 Nc5 11. h3 a5 12. b3 c6 13. Rb1 Qb6 14. Nc2 Nh5 15. Bb2 Nxg3 16. fxg3 Na4+ 17. Kh2 Nxc3 18. Bxc3 Bxc3 19. Rf1 Be5 20. Qf3 Be6 21. Ne3 Rf8 22. Ng4 Bxg4 23. Qxg4 h5 24. Qg5 Qd8 25. Qxd8 Raxd8 26. h4 b5 27. cxb5 cxb5 28. Kh3 Rc8 29. Rfc1 b4 30. Rc4 Rxc4 31. bxc4 Rb8 32. Bf3 Kf8 33. Bd1 Ke7 34. Bb3 Kd7 35. c5 Ke7 36. cxd6+ Bxd6 37. Rc1 Rb5 38. g4 hxg4+ 39. Kxg4 Rc5 40. Rxc5 Bxc5 41. h5 gxh5+ 42. Kxh5 Bd4 43. Kg4 f6 44. Kf3 Kd6 45. Ke2 Kc5 46. Kd3 Bg1 47. Ba4 1/2-1/2

[Event "Montreal-Tch"]
[Site "Montreal CAN"]
[Date "1980.02.25"]
[Round "1"]
[White "Rousseau, Daniel"]
[Black "Raicevic, Golub"]
[Result "1-0"]
[WhiteElo "1484"]
[BlackElo "1399"]
[PlyCount "49"]
[GameId "2160767912912077"]
[EventDate "1980.02.25"]
[EventRounds "7"]
[EventCountry "CAN"]
[SourceTitle "hb 2011"]

1. e4 e5 2. Nf3 Nc6 3. Bb5 Nd4 4. Nxd4 exd4 5. d3 a5 6. O-O c6 7. Bc4 b5 8. Bxf7+ Kxf7 9. f4 Nf6 10. e5 Nd5 11. f5 d6 12. Qh5+ Kg8 13. e6 Qe7 14. Bg5 Nf6 15. Qf3 Bb7 16. Nd2 h6 17. Bh4 Qd8 18. Bxf6 Qxf6 19. Ne4 Qe5 20. Qh5 Rh7 21. Qf7+ Kh8 22. Qxb7 Re8 23. Qxc6 Rb8 24. Qc7 Ra8 25. Qf7 1-0

[Event "Montreal-Tch"]
[Site "Montreal CAN"]
[Date "1980.03.03"]
[Round "2"]
[White "Robillard, Jean"]
[Black "Rousseau, Daniel"]
[Result "1/2-1/2"]
[WhiteElo "1918"]
[BlackElo "1484"]
[PlyCount "99"]
[GameId "2160767912912080"]
[EventDate "1980.02.25"]
[EventRounds "7"]
[EventCountry "CAN"]
[SourceTitle "hb 2011"]

1. e4 g6 2. d4 Bg7 3. Nf3 d6 4. Nc3 Nf6 5. Be2 O-O 6. O-O c5 7. h3 cxd4 8. Nxd4 Nc6 9. Be3 Bd7 10. Qd2 Rc8 11. f4 a6 12. Rad1 b5 13. Bf3 b4 14. Nce2 Qc7 15. c3 bxc3 16. Nxc3 Na5 17. Qf2 Nc4 18. Bc1 Qa5 19. Nb3 Qb4 20. Rfe1 e5 21. g4 exf4 22. g5 Ne8 23. Nd5 Qa5 24. Ne7+ Kh8 25. Nxc8 Bxc8 26. h4 Qxa2 27. Nd4 Qa5 28. b3 Ne5 29. Bxf4 Bd7 30. Nc2 Be6 31. Re3 Qb6 32. Kg2 Nc7 33. Qd2 Nb5 34. Nb4 Rc8 35. Nd5 Qc5 36. b4 Qa7 37. Rc1 Nc4 38. Rxc4 Rxc4 39. Be2 Rd4 40. Qc2 Be5 41. Bxe5+ dxe5 42. Qc6 Rxd5 43. exd5 Qxe3 44. Bxb5 Qh3+ 45. Kf2 Qxh4+ 46. Ke3 Qf4+ 47. Kd3 Bf5+ 48. Kc3 Qd4+ 49. Kb3 axb5 50. Qf6+ 1/2-1/2

[Event "Montreal-Tch"]
[Site "Montreal CAN"]
[Date "1980.03.10"]
[Round "3"]
[White "Roy, Guy"]
[Black "Rousseau, Daniel"]
[Result "1/2-1/2"]
[WhiteElo "1587"]
[BlackElo "1484"]
[PlyCount "128"]
[GameId "2160767912912083"]
[EventDate "1980.02.25"]
[EventRounds "7"]
[EventCountry "CAN"]
[SourceTitle "hb 2011"]

1. e4 g6 2. d4 Bg7 3. Nf3 c5 4. c3 cxd4 5. cxd4 d6 6. Nc3 Nf6 7. Be2 O-O 8. O-O Bg4 9. h3 Bxf3 10. Bxf3 Nc6 11. Be3 Nd7 12. a3 a6 13. Rc1 Rc8 14. Qd2 Na5 15. Nd5 Nc4 16. Qd3 Ndb6 17. Nxb6 Nxb6 18. b3 Qd7 19. d5 Rxc1 20. Rxc1 Rc8 21. Rxc8+ Nxc8 22. Bg4 Qc7 23. Qc4 Qxc4 24. bxc4 e6 25. dxe6 Ne7 26. Bg5 f6 27. Bf4 Nc8 28. e7 Nxe7 29. Be6+ Kf8 30. Bxd6 Ke8 31. Bxe7 Kxe7 32. Bc8 b6 33. Bxa6 Kd6 34. Kf1 Kc5 35. Ke2 Kd4 36. f3 Bf8 37. a4 f5 38. exf5 gxf5 39. g3 f4 40. gxf4 Bd6 41. f5 Be5 42. h4 h5 43. Kf2 Bf6 44. Kg3 Ke3 45. f4 Bc3 46. Bb5 Be1+ 47. Kh3 Kxf4 48. f6 Kf5 49. Be8 Kxf6 50. Bxh5 Kf5 51. Be8 Kf4 52. h5 Kg5 53. Kg2 Bb4 54. Kf3 Bc5 55. Ke4 Bg1 56. Kd5 Be3 57. Kc6 Bf2 58. Kb5 Be3 59. a5 bxa5 60. Kxa5 Bd4 61. Kb5 Be3 62. Bg6 Bd4 63. Kc6 Be3 64. Kd5 Bf2 1/2-1/2

[Event "Montreal-Tch"]
[Site "Montreal CAN"]
[Date "1980.03.17"]
[Round "4"]
[White "Rousseau, Daniel"]
[Black "Ouimet, Luc"]
[Result "1-0"]
[WhiteElo "1484"]
[BlackElo "1189"]
[PlyCount "35"]
[GameId "2160767912912086"]
[EventDate "1980.02.25"]
[EventRounds "7"]
[EventCountry "CAN"]
[SourceTitle "hb 2011"]

1. e4 e5 2. Nf3 Nc6 3. Bb5 a6 4. Ba4 Nf6 5. O-O Be7 6. Re1 b5 7. Bb3 O-O 8. c3 d6 9. h3 Na5 10. Bc2 c5 11. d4 cxd4 12. cxd4 Re8 13. Nbd2 exd4 14. Nxd4 Bb7 15. N2f3 Nc6 16. Nf5 Ne5 17. Bg5 Qd7 18. Nxe5 1-0

[Event "Quebec op"]
[Site "Montreal CAN"]
[Date "1978.07.22"]
[Round "1"]
[White "Fox, Maurice"]
[Black "Rousseau, Daniel"]
[Result "1/2-1/2"]
[WhiteElo "2162"]
[BlackElo "1700"]
[PlyCount "67"]
[GameId "2160767912913418"]
[EventDate "1978.07.22"]
[EventType "swiss"]
[EventRounds "9"]
[EventCountry "CAN"]
[SourceTitle "hb 2011"]

1. e4 c5 2. Nf3 Nc6 3. d4 cxd4 4. Nxd4 Nf6 5. Nc3 d6 6. f3 e5 7. Nb3 Be6 8. Bg5 Be7 9. Qd2 h6 10. Bxf6 Bxf6 11. Nb5 Be7 12. Rd1 O-O 13. Nxd6 Bh4+ 14. g3 Bxb3 15. axb3 Nd4 16. Qf2 Qxd6 17. c3 Bd8 18. Bc4 Ba5 19. Kf1 Bb6 20. cxd4 Bxd4 21. Qe2 Rac8 22. Kg2 Rc7 23. Rd2 a6 24. Rc2 Rfc8 25. Rhc1 b5 26. Bd5 Qb6 27. Rxc7 Rxc7 28. Rxc7 Qxc7 29. Qd2 Ba7 30. b4 Bd4 31. f4 Bb6 32. fxe5 Qxe5 33. Qc3 Qxc3 34. bxc3 1/2-1/2

[Event "Quebec op"]
[Site "Montreal CAN"]
[Date "1978.07.25"]
[Round "2"]
[White "Rousseau, Daniel"]
[Black "Saidi, Hedayat"]
[Result "1-0"]
[WhiteElo "1700"]
[BlackElo "1252"]
[PlyCount "65"]
[GameId "2160767912913429"]
[EventDate "1978.07.22"]
[EventType "swiss"]
[EventRounds "9"]
[EventCountry "CAN"]
[SourceTitle "hb 2011"]

1. e4 e5 2. Nf3 Nc6 3. Bc4 h6 4. O-O Nf6 5. d4 d6 6. dxe5 Nxe4 7. Re1 Bf5 8. exd6 Bxd6 9. Qd5 Qf6 10. Nc3 O-O-O 11. Nxe4 Bxe4 12. Qxe4 Rhe8 13. Qg4+ Kb8 14. Be3 Nb4 15. Bb3 Re7 16. a3 Nc6 17. Ba4 Rde8 18. Bxc6 bxc6 19. Qa4 c5 20. b4 Qf5 21. bxc5 Bxc5 22. Qb5+ Kc8 23. Bxc5 Rxe1+ 24. Rxe1 Rxe1+ 25. Nxe1 Qe6 26. Nd3 Qe2 27. Qb1 f5 28. Bxa7 g5 29. h3 f4 30. Qb8+ Kd7 31. Nc5+ Kc6 32. Qa8+ Kb5 33. Qb7+ 1-0

[Event "Quebec op"]
[Site "Montreal CAN"]
[Date "1978.07.24"]
[Round "3"]
[White "Zurowski, Henry"]
[Black "Rousseau, Daniel"]
[Result "1-0"]
[WhiteElo "2010"]
[BlackElo "1700"]
[PlyCount "89"]
[GameId "2160767912913439"]
[EventDate "1978.07.22"]
[EventType "swiss"]
[EventRounds "9"]
[EventCountry "CAN"]
[SourceTitle "hb 2011"]

1. e4 c5 2. Nf3 Nc6 3. d4 cxd4 4. Nxd4 Nf6 5. Nc3 e6 6. Ndb5 a6 7. Nd6+ Bxd6 8. Qxd6 Qe7 9. Bf4 O-O 10. Qxe7 Nxe7 11. Bd6 Re8 12. a4 b6 13. g3 Bb7 14. Bg2 Rac8 15. O-O Nc6 16. e5 Ng4 17. h3 Nh6 18. Ba3 Na5 19. Bxb7 Nxb7 20. Rad1 Rc7 21. Rd2 Nc5 22. Bxc5 bxc5 23. Rfd1 Rd8 24. Rd6 Nf5 25. Rxa6 Nd4 26. Nb5 Rc6 27. Rxc6 dxc6 28. Nxd4 cxd4 29. Kf1 Kf8 30. Ke2 Rd5 31. f4 Ke7 32. Ra1 Kd7 33. a5 Kc7 34. a6 Rd8 35. Kd3 c5 36. Kc4 Kb6 37. a7 Ra8 38. Ra3 h6 39. g4 f6 40. h4 fxe5 41. fxe5 g6 42. Ra1 Rxa7 43. Rxa7 Kxa7 44. Kxc5 d3 45. cxd3 1-0

[Event "Quebec op"]
[Site "Montreal CAN"]
[Date "1978.07.25"]
[Round "4"]
[White "Rousseau, Daniel"]
[Black "Robillard, Jean-Philippe"]
[Result "1-0"]
[WhiteElo "1700"]
[BlackElo "1918"]
[PlyCount "67"]
[GameId "2160767912913445"]
[EventDate "1978.07.22"]
[EventType "swiss"]
[EventRounds "9"]
[EventCountry "CAN"]
[SourceTitle "EXT 2022"]
[Source "ChessBase"]
[SourceDate "2021.10.06"]
[SourceVersion "1"]
[SourceVersionDate "2021.10.06"]
[SourceQuality "1"]

1. e4 c5 2. Nf3 Nc6 3. d4 cxd4 4. Nxd4 Nf6 5. Nc3 e5 6. Ndb5 d6 7. Bg5 a6 8. Na3 Be6 9. Nc4 Rc8 10. Ne3 Be7 11. Bxf6 gxf6 12. Be2 Rg8 13. O-O Nd4 14. Rc1 f5 15. f4 Qb6 16. Kh1 Nxe2 17. Qxe2 exf4 18. Ncd5 Qd4 19. Rxf4 Bg5 20. Rd1 Qe5 21. Rxf5 Qxe4 22. Rxg5 Rg6 23. Rxg6 Qxg6 24. Nc4 Kf8 25. Nxd6 Rxc2 26. Qf1 Bxd5 27. Rxd5 Qe6 28. Rd1 Rxb2 29. Nf5 Qb6 30. Qd3 f6 31. Qd7 Qb4 32. Qg7+ Ke8 33. Qg8+ Qf8 34. Qe6+ 1-0

[Event "Quebec op"]
[Site "Montreal CAN"]
[Date "1978.07.26"]
[Round "5"]
[White "Rousseau, Daniel"]
[Black "Saad, Rifki"]
[Result "0-1"]
[WhiteElo "1700"]
[BlackElo "1980"]
[PlyCount "68"]
[GameId "2160767912913451"]
[EventDate "1978.07.22"]
[EventType "swiss"]
[EventRounds "9"]
[EventCountry "CAN"]
[SourceTitle "hb 2011"]

1. e4 Nf6 2. e5 Nd5 3. c4 Nb6 4. d4 d6 5. exd6 cxd6 6. Be3 e6 7. Nf3 Be7 8. Be2 O-O 9. Nc3 Bd7 10. O-O Nc6 11. d5 Ne5 12. Nxe5 dxe5 13. d6 Bg5 14. Bxg5 Qxg5 15. c5 Bc6 16. Bf3 Nd7 17. Bxc6 bxc6 18. b4 a5 19. b5 Rfc8 20. Ne4 Qg6 21. Re1 f5 22. Qa4 cxb5 23. Qxb5 fxe4 24. c6 Nf6 25. Rac1 Nd5 26. d7 Rc7 27. Qxa5 Rxa5 28. d8=Q+ Kf7 29. Red1 Raa7 30. Rb1 Qf6 31. Qb8 Rxa2 32. f3 Qg5 33. Rb2 Rxb2 34. Qxb2 exf3 0-1

[Event "Quebec op"]
[Site "Montreal CAN"]
[Date "1978.07.27"]
[Round "6"]
[White "Melkonian, Sam"]
[Black "Rousseau, Daniel"]
[Result "0-1"]
[WhiteElo "1838"]
[BlackElo "1700"]
[PlyCount "84"]
[GameId "2160767912913459"]
[EventDate "1978.07.22"]
[EventType "swiss"]
[EventRounds "9"]
[EventCountry "CAN"]
[SourceTitle "EXT 2022"]
[Source "ChessBase"]
[SourceDate "2021.10.06"]
[SourceVersion "1"]
[SourceVersionDate "2021.10.06"]
[SourceQuality "1"]

1. e4 c5 2. Nf3 Nc6 3. d4 cxd4 4. Nxd4 Nf6 5. Nc3 d6 6. Be2 e6 7. Be3 Be7 8. f4 Qc7 9. O-O O-O 10. Bf3 a6 11. Qe1 Na5 12. Rb1 Nc4 13. Bc1 Qc5 14. Qf2 e5 15. Nde2 Qc7 16. Kh1 b5 17. Qg3 Re8 18. Nd5 Nxd5 19. exd5 Bf8 20. fxe5 Nxe5 21. Be4 f5 22. Bd3 Qf7 23. Nf4 Bb7 24. Bd2 g6 25. h4 Rac8 26. h5 Bg7 27. hxg6 hxg6 28. Bc3 Ng4 29. Bxg7 Qxg7 30. Rbe1 Re5 31. Re2 Rce8 32. Rfe1 Qh6+ 33. Kg1 R8e7 34. c4 Rh7 35. Nh3 bxc4 36. Bxc4 Qf8 37. Rxe5 dxe5 38. Rxe5 Qc5+ 39. Kh1 Qxc4 40. Re8+ Kf7 41. Qe1 Rxh3+ 42. gxh3 Qxd5+ 0-1

[Event "Quebec op"]
[Site "Montreal CAN"]
[Date "1978.07.28"]
[Round "7"]
[White "Morrison, Robert"]
[Black "Rousseau, Daniel"]
[Result "1-0"]
[WhiteElo "1943"]
[BlackElo "1700"]
[PlyCount "77"]
[GameId "2160767912913463"]
[EventDate "1978.07.22"]
[EventType "swiss"]
[EventRounds "9"]
[EventCountry "CAN"]
[SourceTitle "hb 2011"]

1. d4 Nf6 2. c4 g6 3. Nc3 Bg7 4. g3 O-O 5. Bg2 c5 6. d5 d6 7. Nf3 Na6 8. O-O Nc7 9. a4 b6 10. Nd2 Bd7 11. h3 Rb8 12. Kh2 e5 13. dxe6 Bxe6 14. e4 a6 15. Qe2 Re8 16. Qd3 Qd7 17. f4 b5 18. axb5 axb5 19. cxb5 d5 20. e5 Nh5 21. Ra7 Bf8 22. Nc4 Qc8 23. Nxd5 Rd8 24. Nce3 Nxb5 25. Ra5 Nd4 26. g4 Nc6 27. Ra4 Ng7 28. Qe4 Kh8 29. Kh1 h5 30. f5 Bxd5 31. Nxd5 hxg4 32. hxg4 gxf5 33. gxf5 Rxd5 34. Qh4+ Kg8 35. Bxd5 Nxe5 36. f6 Qd8 37. Be4 Ng6 38. Bxg6 fxg6 39. f7# 1-0

[Event "Quebec op"]
[Site "Montreal CAN"]
[Date "1978.07.29"]
[Round "8"]
[White "Rousseau, Daniel"]
[Black "Nadeau, Renaud"]
[Result "0-1"]
[WhiteElo "1700"]
[BlackElo "2019"]
[PlyCount "42"]
[GameId "2160767912913473"]
[EventDate "1978.07.22"]
[EventType "swiss"]
[EventRounds "9"]
[EventCountry "CAN"]
[SourceTitle "hb 2011"]

1. e4 e6 2. d4 d5 3. Nd2 c5 4. Ngf3 Nc6 5. Bb5 dxe4 6. Nxe4 Qa5+ 7. Nc3 Nf6 8. O-O a6 9. Bxc6+ bxc6 10. Ne5 Bb7 11. Bg5 h6 12. Bxf6 gxf6 13. Ng4 O-O-O 14. Nxf6 cxd4 15. Nce4 Qf5 16. Re1 h5 17. Qf3 Be7 18. Qg3 Bxf6 19. Nd6+ Rxd6 20. Qxd6 Rg8 21. b4 c5 0-1

[Event "Quebec op"]
[Site "Montreal CAN"]
[Date "1978.07.30"]
[Round "9"]
[White "Rousseau, Daniel"]
[Black "Bergeron, Florian"]
[Result "1-0"]
[WhiteElo "1700"]
[BlackElo "1801"]
[PlyCount "73"]
[GameId "2160767912913479"]
[EventDate "1978.07.22"]
[EventType "swiss"]
[EventRounds "9"]
[EventCountry "CAN"]
[SourceTitle "hb 2011"]

1. e4 Nf6 2. e5 Nd5 3. d4 d6 4. c4 Nb6 5. exd6 exd6 6. h3 Be7 7. Nf3 Bf5 8. Nc3 O-O 9. Be2 Bf6 10. O-O Nc6 11. Be3 d5 12. c5 Nc4 13. Bxc4 dxc4 14. Qa4 Bd3 15. Rfd1 Nxd4 16. Nxd4 Bxd4 17. Rxd3 cxd3 18. Bxd4 Qh4 19. Re1 Rad8 20. Re4 Qh5 21. Rg4 f6 22. Qc4+ Qf7 23. Qxd3 f5 24. Rg3 Rd7 25. Ne2 Qxa2 26. Qc3 Rff7 27. Qc2 f4 28. Rg4 Qd5 29. Bc3 g5 30. Nd4 Rg7 31. Nf5 Rg6 32. h4 gxh4 33. Nh6+ Kf8 34. Rxf4+ Ke8 35. Ng4 h3 36. Qxg6+ hxg6 37. Nf6+ 1-0

[Event "Quebec op"]
[Site "Montreal CAN"]
[Date "1973.10.06"]
[Round "2"]
[White "Rousseau, Daniel"]
[Black "Jobin, Gilles G"]
[Result "1-0"]
[WhiteElo "1461"]
[BlackElo "1800"]
[PlyCount "102"]
[GameId "2160767913055482"]
[EventDate "1973.10.06"]
[EventType "swiss"]
[EventRounds "6"]
[EventCountry "CAN"]
[SourceTitle "EXT 2022"]
[Source "ChessBase"]
[SourceDate "2021.10.06"]
[SourceVersion "1"]
[SourceVersionDate "2021.10.06"]
[SourceQuality "1"]

1. d4 d5 2. c4 c6 3. Nf3 Nf6 4. Nc3 e6 5. Bg5 Be7 6. e3 h6 7. Bh4 Nbd7 8. Bd3 O-O 9. O-O Re8 10. Ne5 Nxe5 11. dxe5 Nd7 12. Bg3 dxc4 13. Bxc4 b5 14. Bd3 Nc5 15. Bc2 Qb6 16. Qh5 b4 17. Ne4 Nxe4 18. Bxe4 Ba6 19. Rfd1 Rad8 20. h4 Bf8 21. Qg4 Bb5 22. h5 Qa6 23. Bf3 Bd3 24. Bh4 Rd7 25. Rac1 c5 26. a3 bxa3 27. bxa3 Rc8 28. Qf4 c4 29. g4 Bxa3 30. g5 hxg5 31. Bxg5 Bxc1 32. h6 Bb2 33. hxg7 Bxe5 34. Qxe5 Qd6 35. Qf6 e5 36. Bg4 Qxf6 37. Bxf6 Bf5 38. Rxd7 Bxd7 39. Bxd7 c3 40. Bf5 c2 41. Bxc2 Rxc2 42. Bxe5 a5 43. Kg2 a4 44. Kg3 a3 45. f4 a2 46. f5 Rc5 47. Bd4 Rxf5 48. Kg4 Rf1 49. Kg5 a1=Q 50. Bxa1 Rxa1 51. Kf6 Ra6+ 1-0